Eastern Utah Libraries Catalog: Duchesne, Heber, Roosevelt, & Vernal

Spongebob Movie: Sponge on the Run (Record no. 363111)

MARC details
000 -LEADER
fixed length control field 01838ngm a22005172a 4500
001 - CONTROL NUMBER
control field zcodcb b6883417
003 - CONTROL NUMBER IDENTIFIER
control field MWT
005 - DATE AND TIME OF LATEST TRANSACTION
control field 20241112110303.0
007 - PHYSICAL DESCRIPTION FIXED FIELD--GENERAL INFORMATION
fixed length control field vd cvaizs
008 - FIXED-LENGTH DATA ELEMENTS--GENERAL INFORMATION
fixed length control field 210603s2021 xxu091 j vleng d
020 ## - INTERNATIONAL STANDARD BOOK NUMBER
International Standard Book Number 032429342713 :
Terms of availability $21.99
024 1# - OTHER STANDARD IDENTIFIER
Standard number or code 032429342713
028 42 - PUBLISHER NUMBER
Publisher number 13568937
040 ## - CATALOGING SOURCE
Original cataloging agency Midwest
Description conventions rda
092 ## - LOCALLY ASSIGNED DEWEY CALL NUMBER (OCLC)
Classification number DVD
245 00 - TITLE STATEMENT
Title Spongebob Movie: Sponge on the Run
Medium [dvd]
250 ## - EDITION STATEMENT
Edition statement Widescreen ed.
260 ## - PUBLICATION, DISTRIBUTION, ETC. (IMPRINT)
Place of publication, distribution, etc [United States] :
Name of publisher, distributor, etc Paramount,
Date of publication, distribution, etc 2021.
264 ## - Production, Publication, Distribution, Manufacture, and Copyright Notice.
Place of production, publication, distribution, manufacture [United States] :
Name of producer, publisher, distributor, manufacturer Paramount,
Date of production, publication, distribution, manufacture, or copyr 2021.
300 ## - PHYSICAL DESCRIPTION
Extent 1 videodisc (ca. 91 min.) :
Other physical details sd., col. ;
Dimensions 4 3/4 in.
500 ## - GENERAL NOTE
General note 07/13/2021.
508 ## - CREATION/PRODUCTION CREDITS NOTE
Creation/production credits note Director, Tim Hill.
511 1# - PARTICIPANT OR PERFORMER NOTE
Participant or performer note Tom Kenny, Bill Fagerbakke, Carolyn Lawrence, Rodger Bumpass, Mr. Lawrence, Matt Berry, Snoop Dogg, Keanu Reeves, Awkwafina, Clancy Brown.
520 ## - SUMMARY, ETC.
Summary, etc After SpongeBob's beloved pet snail Gary is snail-napped, he and Patrick embark on an epic adventure to the Lost City of Atlantic City to bring Gary home.
521 8# - TARGET AUDIENCE NOTE
Target audience note MPAA rating: PG.
538 ## - SYSTEM DETAILS NOTE
System details note DVD.
546 ## - LANGUAGE NOTE
Language note English, French, Spanish audio; English, French, Spanish subtitles.
546 ## - LANGUAGE NOTE
Language note English subtitles for the deaf and hard of hearing.
655 #4 - INDEX TERM--GENRE/FORM
Genre/form data or focus term Children's.
700 1# - ADDED ENTRY--PERSONAL NAME
Personal name Kenny, Tom.
9 (RLIN) 49104
700 1# - ADDED ENTRY--PERSONAL NAME
Personal name Fagerbakke, Bill.
9 (RLIN) 6400077
700 1# - ADDED ENTRY--PERSONAL NAME
Personal name Lawrence, Carolyn.
9 (RLIN) 71342
700 1# - ADDED ENTRY--PERSONAL NAME
Personal name Bumpass, Rodger.
9 (RLIN) 70211
700 1# - ADDED ENTRY--PERSONAL NAME
Personal name Lawrence, Mr.
9 (RLIN) 70007
700 1# - ADDED ENTRY--PERSONAL NAME
Personal name Berry, Matt.
9 (RLIN) 6422565
700 1# - ADDED ENTRY--PERSONAL NAME
Personal name Snoop Dogg,
Dates associated with a name 1972-
9 (RLIN) 76280
700 1# - ADDED ENTRY--PERSONAL NAME
Personal name Reeves, Keanu.
700 1# - ADDED ENTRY--PERSONAL NAME
Personal name Awkwafina,
9 (RLIN) 6422566
700 1# - ADDED ENTRY--PERSONAL NAME
Personal name Brown, Clancy,
9 (RLIN) 65283
856 7# - ELECTRONIC LOCATION AND ACCESS
Materials specified View cover art
Uniform Resource Identifier <a href="https://thumbnail.midwesttape.com/13568937_180.jpg">https://thumbnail.midwesttape.com/13568937_180.jpg</a>
Access method https
907 ## - LOCAL DATA ELEMENT G, LDG (RLIN)
a .b454931918
942 ## - ADDED ENTRY ELEMENTS (KOHA)
Source of classification or shelving scheme Dewey Decimal Classification
Koha item type DVD
Holdings
Withdrawn status Lost status Source of classification or shelving scheme Damaged status Not for loan Collection code Home library Current library Shelving location Date acquired Source of acquisition Total Checkouts Total Renewals Full call number Barcode Checked out Date last seen Date checked out Cost, replacement price Price effective from Koha item type
  Long Overdue (Lost) Dewey Decimal Classification     Children Movies Wasatch County Library Wasatch County Library Audio Visual Area 07/30/2021 Micromarketing 9 13 E DVD Spo 34301001819566 04/19/2022 03/31/2022 03/31/2022 17.99 07/30/2021 DVD
This project was made possible through a grant from the Institute of Museum and Library Service administered by the Utah State Library Division.

Wasatch County Library

  • 465 East 1200 South, Heber City, Utah 84032
  • Phone 435-654-1511 | Fax 435-654-6456

Hours

  • Monday - Friday 9:30 AM - 8:00 PM
  • Saturday 9:30 AM - 1:30 PM
  • Closed Sundays and Holidays